00405nam a2200157 a 450000100080000000500110000800800410001910000250006024500400008526000360012530000090016149000290017065300160019965300110021565300210022610088061998-07-02 1996 bl uuuu u0uu1 u #d1 aGUERRA FILHO, T. da. aCultura da cebola (Allium cepa L.). aJoao Pessoa,PB: EMATER-PBc1996 a16p. a(EMATER-PB. Tecnica, 6). aALLIUM CEPA aCEBOLA aPRATICA CULTURAL